[Event "Barcelona La Lira op"]
[Site "Barcelona"]
[Date "1996.??.??"]
[Round "3"]
[White "Namay Caceres, Santos"]
[Black "Paniego Alvarez, Marc Antoni"]
[Result "1-0"]
[WhiteElo "2235"]
[BlackElo "1955"]
[PlyCount "95"]
[EventDate "1996.??.??"]
[EventType "swiss"]
[EventRounds "8"]
[EventCountry "ESP"]
[SourceTitle "EXT 2003"]
[Source "ChessBase"]
[SourceDate "2002.11.25"]
[SourceVersion "1"]
[SourceVersionDate "2002.11.25"]
[SourceQuality "1"]

1. c4 f5 2. Nc3 Nf6 3. g3 e6 4. Bg2 Be7 5. d3 0-0 6. Nf3 c6 7. 0-0 d5 8. b3 Nbd7 9. Bb2 Qe8 10. Qc2 Bd6 11. e4 fxe4 12. dxe4 dxc4 13. bxc4 Ne5 14. Nxe5 Bxe5 15. Rad1 Bc7 16. Ba3 Rf7 17. Na4 e5 18. Rd3 b6 19. Rfd1 Be6 20. Bd6 Rd8 21. c5 b5 22. Nc3 Bc4 23. R3d2 Ba5 24. f3 Qe6 25. Qb2 Ne8 26. Qa3 Bxc3 27. Qxc3 Rfd7 28. Qa3 h6 29. f4 exf4 30. gxf4 Qg4 31. Qg3 Be2 32. Re1 Nxd6 33. cxd6 Qxg3 34. hxg3 Bg4 35. e5 Rc8 36. e6 Bxe6 37. Rxe6 c5 38. Re7 Rcd8 39. Rxd7 Rxd7 40. Bc6 Rd8 41. Bxb5 Kf7 42. Kg2 Ke6 43. Bc4+ Kd7 44. f5 Kc6 45. Kf3 Rxd6 46. Rxd6+ Kxd6 47. Ke4 a5 48. a4 1-0

[Event "Barcelona La Lira op"]
[Site "Barcelona"]
[Date "1996.??.??"]
[Round "2"]
[White "Namay Caceres, Santos"]
[Black "Ramirez Pereales, Jose"]
[Result "0-1"]
[WhiteElo "2235"]
[BlackElo "2045"]
[PlyCount "120"]
[EventDate "1996.??.??"]
[EventType "swiss"]
[EventRounds "8"]
[EventCountry "ESP"]
[SourceTitle "EXT 2003"]
[Source "ChessBase"]
[SourceDate "2002.11.25"]
[SourceVersion "1"]
[SourceVersionDate "2002.11.25"]
[SourceQuality "1"]

1. c4 e5 2. Nc3 Nf6 3. g3 Nc6 4. Bg2 Bb4 5. Nd5 Bc5 6. Nf3 e4 7. Nh4 g5 8. Nf5 d6 9. Nfe3 Nxd5 10. Nxd5 Ne5 11. 0-0 Bg4 12. Bxe4 c6 13. Ne3 Bxe3 14. dxe3 Bh3 15. Bg2 Bxg2 16. Kxg2 h5 17. b3 h4 18. Bb2 hxg3 19. hxg3 Qd7 20. Rh1 Rxh1 21. Qxh1 0-0-0 22. Qh6 Ng6 23. f3 Kb8 24. Qh3 Qe7 25. e4 f6 26. Qf5 Ne5 27. Rh1 Rf8 28. Rh7 Rf7 29. Rh8+ Rf8 30. Rh7 Rf7 31. Rh8+ Rf8 32. Rh6 Qd8 33. Rh7 Rh8 34. Bxe5 dxe5 35. Qd7 Qxd7 36. Rxd7 Kc8 37. Rf7 Rd8 38. Rxf6 Rd2 39. Kh3 Rxe2 40. Kg4 Rxa2 41. Rd6 a5 42. Kxg5 Ra3 43. Re6 Rxb3 44. Kg4 a4 45. Rxe5 b5 46. Rc5 b4 47. f4 Kc7 48. f5 Rd3 49. f6 b3 50. Rd5 cxd5 51. f7 b2 52. f8Q b1Q 53. Qe7+ Kc8 54. Qe8+ Kb7 55. Qd7+ Kb8 56. Qd8+ Kb7 57. Qd7+ Ka6 58. Qc6+ Ka7 59. Qc7+ Qb7 60. Qa5+ Kb8 0-1